header

Trades about to happen (Record no. 25665)

MARC details
000 -LEADER
fixed length control field 01431nam a2200361 a 4500
082 04 - DEWEY DECIMAL CLASSIFICATION NUMBER
Classification number 332.63/2042
100 1# - MAIN ENTRY--AUTHOR NAME
Personal name Weis, David H.
245 10 - TITLE STATEMENT
Title Trades about to happen
260 ## - PUBLICATION, DISTRIBUTION, ETC. (IMPRINT)
Place of publication Hoboken, N.J. :
Name of publisher John Wiley & Sons, Inc.,
Year of publication 2013.
300 ## - PHYSICAL DESCRIPTION
Number of Pages xiii, 204 p. :
Other physical details ill.
490 1# - SERIES STATEMENT
Series statement Wiley trading series
650 #0 - SUBJECT ADDED ENTRY--TOPICAL TERM
Topical Term Stocks
Topical Term Stock price forecasting.
Topical Term Investment analysis.
856 40 - ELECTRONIC LOCATION AND ACCESS
Uniform Resource Identifier http://site.ebrary.com/lib/rucke/Doc?id=10691487

No items available.

© 2026 Rongo University
Contact us: librarian | system librarian | Rongo university